Signal processing and linear systems (Record no. 1319)

000 -LEADER
fixed length control field 00543nam a2200205 a 4500
001 - CONTROL NUMBER
control field 1319
003 - CONTROL NUMBER IDENTIFIER
control field BD-DhUET
008 - FIXED-LENGTH DATA ELEMENTS--GENERAL INFORMATION
fixed length control field 980109s1998 caua b 001 0 eng
020 ## - INTERNATIONAL STANDARD BOOK NUMBER
International Standard Book Number 0941413357
040 ## - CATALOGING SOURCE
Original cataloging agency DLC
Transcribing agency DLC
Modifying agency BD-DhUET
082 00 - DEWEY DECIMAL CLASSIFICATION NUMBER
Classification number 623.22
Item number LAT/1998
100 ## - MAIN ENTRY--PERSONAL NAME
Personal name Lathi B. P.
245 10 - TITLE STATEMENT
Title Signal processing and linear systems
250 ## - EDITION STATEMENT
Edition statement 1st ed
260 ## - PUBLICATION, DISTRIBUTION, ETC. (IMPRINT)
Place of publication, distribution, etc. New York
Name of publisher, distributor, etc. Oxford University Press
Date of publication, distribution, etc. 1998
300 ## - PHYSICAL DESCRIPTION
Extent x, 850 p.
Other physical details ill.
Dimensions 24 cm.
504 ## - BIBLIOGRAPHY, ETC. NOTE
Bibliography, etc Includes bibliographies
650 #0 - SUBJECT ADDED ENTRY--TOPICAL TERM
Topical term or geographic name as entry element Digital signal processing
942 ## - ADDED ENTRY ELEMENTS (KOHA)
Koha item type General Book
Holdings
Koha date last borrowed Copy number Koha renewals Price effective from Not for loan Date acquired Withdrawn status Koha item type Source of classification or shelving scheme Location (home branch) Koha full call number Lost status Damaged status Sublocation or collection (holding branch) Koha date last seen Piece designation (barcode) Koha normalized classification for sorting Shelving location Koha issues (times borrowed)
 122014-09-03 2014-09-03 General Book Central Library, BUET623.22/LAT/1998  Central Library, BUET2019-09-14103856623_000000000000000_22LAT1998Circulation section 
 2 2014-09-03 2014-09-03 General Book Central Library, BUET623.22/LAT/1998  Central Library, BUET2014-09-03103857623_000000000000000_22LAT1998Circulation section 
2015-06-133 2014-09-03 2014-09-03 General Book Central Library, BUET623.22/LAT/1998  Central Library, BUET2017-08-19103859623_220000000000000_LAT_1998Circulation section1
2015-10-204 2014-09-03 2014-09-03 General Book Central Library, BUET623.22/LAT/1998  Central Library, BUET2017-01-08103860623_000000000000000_22LAT1998Circulation section1
2015-05-255 2014-09-03 2014-09-03 General Book Central Library, BUET623.22/LAT/1998  Central Library, BUET2017-04-11103863623_000000000000000_22LAT1998Circulation section1
2015-05-256 2014-09-03 2014-09-03 General Book Central Library, BUET623.22/LAT/1998  Central Library, BUET2017-06-13103864623_000000000000000_22LAT1998Circulation section1
 7 2014-09-03 2014-09-03 General Book Central Library, BUET623.22/LAT/1998  Central Library, BUET2017-08-20103865623_000000000000000_22LAT1998Circulation section 
 8 2014-11-18 2014-11-18 General Book Central Library, BUET623.22/LAT/1998  Central Library, BUET2017-10-10103858623_000000000000000_22LAT1998Circulation section 
2017-04-189 2014-12-02 2014-12-02 General Book Central Library, BUET623.22 LAT/1998  Central Library, BUET2017-05-31103861623_220000000000000_LAT1998Circulation section1
 1022015-06-03 2015-06-03 General Book Central Library, BUET623.22/LAT/1998  Central Library, BUET2017-02-06100035623_220000000000000_LAT_1998Circulation section 
2025-09-0711 2017-10-31 2007-05-28 General Book Central Library, BUET623.22/LAT/1998  Central Library, BUET2025-09-17103862623_220000000000000_LAT_1998Circulation section2